La Creació del món : catorze directors catalans expliquen el seu teatre / Patrícia Gabancho ; fotografies de Colita catorze directors catalans expliquen el seu teatre / Patrícia Gabancho ; fotografies de Colita
Descripción Física:
340 p. ; 22 cm
Colección:
Monografies de teatre ; 24
Otros Autores:
Colita, 1940-2023
MARC
| LEADER | 00000nam a2200000Ia 4500 | ||
|---|---|---|---|
| 001 | 8373 | ||
| 003 | AGDB | ||
| 005 | 20260324175613.0 | ||
| 008 | 160829s1988 xx 000 0 cat d | ||
| 080 | |a B-1-182 | ||
| 100 | |a Gabancho, Patrícia |9 24572 | ||
| 245 | |a La Creació del món : |b catorze directors catalans expliquen el seu teatre / Patrícia Gabancho ; fotografies de Colita | ||
| 260 | |a Barcelona : |b Institut del Teatre de la Diputació de Barcelona, |c 1988 | ||
| 300 | |a 340 p. ; |c 22 cm | ||
| 490 | |a Monografies de teatre ; 24 | ||
| 650 | 0 | |a Directors i productors teatrals |z Catalunya |x Intervius |9 71576 | |
| 650 | 0 | |a Directors i productors teatrals |z Catalunya |9 72162 | |
| 700 | |a Colita, |d 1940-2023 |e fotografies |9 21005 | ||
| 710 | 1 | |a Institut del Teatre (Barcelona, Catalunya) |9 52662 | |
| 901 | |a Arxiu | ||
| 942 | |n 1 |2 udc |c ARXIU | ||
| 952 | |0 0 |1 0 |4 0 |6 B1182 |7 1 |9 46666 |a Arxiu |b Arxiu |d 2016-12-01 |l 0 |o B-1-182 |p 8373 |r 2016-12-01 00:00:00 |w 2016-12-01 |y ARXIU | ||
| 999 | |c 50459 |d 50459 | ||